Statistics for Countries Ending With "O"

Click here to take the quiz!

General Stats

  • This quiz has been taken 101 times
  • The average score is 9 of 12

Answer Stats

PopulationAnswer% Correct
1,9 miljKosovo
94%
8,0 miljTogo
86%
0,038 miljMonaco
84%
124 miljMexico
81%
2,2 miljLesotho
79%
35,7 miljMorocco
76%
78,7 miljDemocratic Republic of the Congo
70%
5,1 miljRepublic of the Congo
70%
0,033 miljSan Marino
69%
0,68 miljMontenegro
57%
20,1 miljBurkina Faso
53%
1,4 miljTrinidad and Tobago
48%

Score Distribution

Percentile by Number Answered

Percent of People with Each Score

Your Score History

You have not taken this quiz